| 000 | 00931cam a2200289 i 4500 | ||
|---|---|---|---|
| 001 | 200462816 | ||
| 003 | TR-AnTOB | ||
| 005 | 20241024195239.0 | ||
| 007 | ta | ||
| 008 | 810821s1975 tu 000 0 tur d | ||
| 040 |
_aDLC _beng _erda _cDLC _dDLC _dTR-AnTOB |
||
| 041 | 0 | _atur | |
| 050 | 0 | 0 |
_aDS62.8 _b.B4754 1975 |
| 090 |
_aDS62.8 _b.B4754 1975 |
||
| 100 | 1 |
_aBerkes, Niyazi, _d1908-1988 _eauthor _919481 |
|
| 245 | 1 | 0 |
_aİslâmlık, ulusçuluk, sosyalizm : _bArap ülkelerinde gördüklerim üzerine düşünceler / _cNiyazi Berkes. |
| 250 | _aİkinci Basım Eylül 1975 | ||
| 264 | 1 |
_aAnkara : _bBilgi Yayınevi, _c1975. |
|
| 300 |
_a247 pages ; _c20 cm |
||
| 336 |
_atext _btxt _2rdacontent |
||
| 337 |
_aunmediated _bn _2rdamedia |
||
| 338 |
_avolume _bnc _2rdacarrier |
||
| 490 | 0 |
_aBilgi dizisi ; _v29 |
|
| 651 | 7 |
_aArap ülkeleri _xSiyaset ve yönetim _2etuturkob _9119810 |
|
| 942 |
_2lcc _cBK |
||
| 999 |
_c200462816 _d81028 |
||